| 000 | 00488 a2200157 4500 | ||
|---|---|---|---|
| 999 |
_c210 _d210 |
||
| 008 | 220330b ||||| |||| 00| 0 eng d | ||
| 020 | _a9789280116106 | ||
| 082 | 0 | 0 |
_a623.8881 _bI339 |
| 110 |
_976 _aInternational Maritime Organization |
||
| 245 | _aDangerous, hazardous and harmful cargoes (Model Course 1.10) | ||
| 260 |
_aLondon: _bInternational Maritime Organization, _c2014. |
||
| 300 | _a214 p. + 1 CD | ||
| 490 | 0 |
_aModel Course; _v1.10 |
|
| 650 | 0 | _aCargo Handling | |
| 942 |
_2ddc _cBK |
||